000 00505nam a2200193 a 4500
001 1768117515633
003 YourLibrary
005 20260112125814.0
008 260111s1993##################000#0#eng##
020 _a9780521419956
082 0 4 _a302.23
_bAND
100 1 _aHolmqvist, Berit,
_eauthor.
245 1 0 _aThe Computer as Medium :
260 _bCambridge University Press,
_c1993.
300 _a514 pages
650 0 _aComputers.
942 _cENGLISH
040 _aYourLibrary
_beng
_cYourLibrary
999 _c608258
_d608258